000 00495nam a2200205Ia 4500
003 OSt
005 20220920122844.0
008 210210b2006 xxu||||| |||| 00| 0 eng d
040 _cAL
082 _a658.15 RAGF
100 _aRAGHUNANDAN (B V)
_957991
245 _aFinancial management V2
260 _aUdupi
_bSushrutha Books
_c2006
300 _a198
440 _a2
_957992
650 _aIII BCOM
_957993
690 _aFinancial Management
_957994
906 _a061767
942 _2ddc
_cBK
999 _c108252
_d108252